| 000 | 00868cam a2200289 4500 | ||
|---|---|---|---|
| 008 | 010808n2001 000 0 eng u | ||
| 035 | _a(Sirsi) u114006 | ||
| 110 | _aMott Green Wall | ||
| 245 | _aCost model : gaseous fire suppression systems | ||
| 260 | _c2001 | ||
| 490 |
_aBuilding Services Journal _vJuly 2001, 23-24(2) |
||
| 520 | _aConsiders the costs and specification gaseous fire suppression systems. Table. | ||
| 590 | _aABS | ||
| 650 | _aCARBON DIOXIDE | ||
| 650 | _aCOST MODEL | ||
| 650 | _aFIRE PROTECTION SYSTEMS | ||
| 650 | _aFM200 | ||
| 650 | _aGAS SYSTEMS | ||
| 650 | _aGASEOUS FIRE PROTECTION SYSTEMS | ||
| 650 | _aLOCALISED WATER MIST | ||
| 650 | _aSPRINKLER SYSTEMS | ||
| 650 | _aSPRINKLERS | ||
| 690 | _aBUILT ENVIRONMENT-BUILDING COSTS | ||
| 710 |
_aDavis Langdon and Everest _91155 |
||
| 710 |
_aWSP _93709 |
||
| 942 | _n0 | ||
| 999 |
_c67947 _d67947 |
||